1321 1513 1494 1635 1641 1994 1324 1303 1996 1178 1908 1909 1841 1346 1562 1460 1969 1926 1424 1771 1292 1221 1737 1683 1829 1336 1088 1163 1385 1118 1896 1831 1552 1325 1316 1040 1861 1225 1787 1329 1768 1352 1911 1786 1024 1243 1483 1783 1830 1011 1204 1756 1313 1662 1888 1716 1657 1513 1583 1863 1202 1528 1179 1722 1418 1155 1785 1687 1892 1199 1340 1435 1984 1564 1246 1174 1532 1135 1013 1720 1590 1054 1787 1474 1090 1457 1589 1428 1841 1138 1418 1536 1016 1661 1528 1461 1256 1493 1256 BCNSPRNW ULIB Ver.6.0+V

เปลี่ยนเป็นภาษาไทย

Change to English
 แสดงรายละเอียดบรรณานุกรม
  กลับหน้าหลัก

Brief Record : Get Marc (ISO 2709) : E-mail record : QR code < ปิดหน้าต่าง
LEADER : 00000nam 2200000uu 4500
001    13399128431
003     ULIB
008    230828s2020||||th 000 0 tha d
020    ^a9781975142117
060 04 ^aWB460^bT255
245 00 ^aTecklin s Pediatric physical therapy /^c[edited by]Elena McKeogh Spearing, Eric S. Pelletier and Mark Drnach.
250    ^a6th ed.
260    ^aphiladelphia :^bWolters Kluwer Health,^c2020
300    ^axvi, 882 p. :^bill. ;^c29 cm.
504    ^aIncludes bibliographical references and index
650  2 ^aPhysical Therapy Modalities
650  2 ^aChild
650  2 ^aInfant
700 1  ^aElena McKeogh Spearing
700 0  ^aEric S. Pelletier
700 0  ^aMark Drnach
945    ^p3750^l0^i010189
999    ^aประนอม เกษจรัล
รายการนี้ยังไม่มีแท็ก
คุณยังไม่ได้ล็อกอิน คุณสามารถมีกิจกรรมร่วมกับเว็บไซต์ได้ แต่ต้องล็อกอินก่อน ::
  ล็อกอิน

รายการสื่อสารสนเทศ

ลำดับที่ ประเภท เลขเรียก/บาร์โค้ด สถานที่ สถานะ
1. วิทยาศาสตร์การแพทย์ และสุขภาพ
หนังสือสำรอง
สถานะ=หนังสือสำรอง
WB460 T255 ฉ.1 
  Barcode: 010189
ห้องสมุดวิทยาเขตสวรรค์ประชารักษ์
►หนังสือทั่วไป
บนชั้น

รายการใกล้เคียง
    หัวเรื่อง [Physical Therapy Modalities]
    หัวเรื่อง [Child]
    หัวเรื่อง [Infant]

BibComment


ยังไม่เคยถูกคอมเมนท์

คอมเมนท์ทรัพยากรรายการนี้
  คอมเมนท์: Tecklin s Pediat..


 Copyright 2026. Bcnsprnw @Library